| 000 | 00381nam a22001217a 4500 | ||
|---|---|---|---|
| 082 | _a540 | ||
| 100 |
_aMTG _982888 |
||
| 245 | _aOBJECTIVE NCERT AT YOUR FINGERTIPS MCQs extracted from each line of latest NCERT Textbooks chemistry class XI & XII NEET JEE | ||
| 250 | _a2025 | ||
| 260 |
_aNew Delhi/ Gurugram _bMTG Learning Pvt Ltd _c2023 |
||
| 650 | _aChemistry | ||
| 942 | _cC. BOOKS | ||
| 999 |
_c67608 _d67608 |
||